000 00838nam a2200253 a 4500
999 _c27734
_d27734
001 427664
003 OSt
005 20170210104944.0
008 820504s1982 ilua b 001 0 eng
010 _a 81067228
020 _a0030595932
040 _aDLC
_cDLC
_dDLC
050 0 0 _aHG4026
_b.B669 1982
082 0 0 _a658.1/5
_219
100 1 _aBrigham, Eugene F.,
_d1930-
245 1 0 _aFinancial management :
_btheory and practice /
_cEugene F. Brigham.
250 _a3rd ed.
260 _aChicago :
_bDryden Press,
_cc1982.
300 _axviii, 875 p. :
_bill. (some col.) ;
_c25 cm.
500 _aTables A.1, A.2, A.3, and A.4 inserted at end.
504 _aIncludes bibliographies and index.
650 0 _aCorporations
_xFinance.
906 _a7
_bcbc
_corignew
_d2
_eopcn
_f19
_gy-gencatlg
942 _2lcc
_cBOOKS
_hHG 4026 .B75 1982